000 00295nam a2200133Ia 4500
100 _aRegtein PPL
942 _cBK
654 _ainstrumentation
245 _aInstrumentation Electronics
260 _bPrentice Hall of India
_aBombay
_c1987
300 _a489
546 _aENGLISH
999 _c30535
_d30535